Tạp chí Giáo chức Việt Nam Diễn đàn nhà giáo

Công đoàn giáo dục Việt Nam - Phối hợp và bảo trợ xuất bản

Сохранить в:
Библиографические подробности
Главный автор: Trung ương Hội cựu giáo chức Việt Nam
Формат:
Язык:Undetermined
Опубликовано: Hà Nội
Предметы:
Online-ссылка:http://lrc.tdmu.edu.vn/opac/search/detail.asp?aID=2&ID=7100
Метки: Добавить метку
Нет меток, Требуется 1-ая метка записи!
Thư viện lưu trữ: Trung tâm Học liệu Trường Đại học Thủ Dầu Một
LEADER 00762nam a2200181Ia 4500
001 TDMU_7100
008 210410s9999 xx 000 0 und d
082 |a NULL 
100 |a Trung ương Hội cựu giáo chức Việt Nam 
245 0 |a Tạp chí Giáo chức Việt Nam 
245 0 |b Diễn đàn nhà giáo 
245 0 |c Trung ương Hội cựu giáo chức Việt Nam 
260 |a Hà Nội 
300 |a 36tr 
520 |a Công đoàn giáo dục Việt Nam - Phối hợp và bảo trợ xuất bản  
650 |a Tạp chí Giáo chức Việt Nam  
856 |u http://lrc.tdmu.edu.vn/opac/search/detail.asp?aID=2&ID=7100 
980 |a Trung tâm Học liệu Trường Đại học Thủ Dầu Một